Handbook of Optical Dimensional Metrology /

Enregistré dans:
Détails bibliographiques
Auteur principal: Harding, Kevin (Auteur)
Format: Livre
Langue:anglais
Publié: Boca Raton CRC Press 2013
Collection:Series in Optics and Optoelectronics
Sujets:
Tags: Ajouter un tag
Pas de tags, Soyez le premier à ajouter un tag!

MARC

LEADER 00000nam a22000003a 4500
001 0100735
003 SK-STU
005 20230227081327.9
007 ta
008 230227s ----xo-----e------000-0-----d
020 |a 978-1-4398-5481-5 
040 |a STU  |b slo 
041 0 |a eng 
044 |a xxu 
100 1 |a Harding, Kevin  |4 aut 
245 1 0 |a Handbook of Optical Dimensional Metrology /  |c aut. Kevin Harding 
260 |a Boca Raton  |b CRC Press  |c 2013 
300 |a 492 s. 
490 0 |a Series in Optics and Optoelectronics 
650 0 7 |a rozmerová metrológia 
996 |b 284M089285  |c M* 14762-1  |l MMKN  |s A  |a 24  |w 0100735_0001